Biblioteka Instytutu Północnego w Olsztynie

Milicja Obywatelska w województwie gdańskim 1945-1949 / (Rekord nr 27899)

Szczegóły MARC
000 -Nagłówek
fixed length control field 02178cam a2200481 i 4500
001 - Nr kontrolny bibl., która utworzyła rek.
control field xx005000857
003 - Siglum bibl., której nr kontr. jest w 001
control field NUKAT
005 - Data i czas ostatniej operacji
control field 20260430122632.0
008 - Elementy pola stałej długości
fixed length control field 201119s2020 pl a g |001 0 pol c
020 ## - ISBN
ISBN 9788380982222
dopowiedzenie (oprawa twarda) :
warunki dostępności zł 40,00
035 ## - Systemowy numer kontrolny
systemowy numer kontrolny (OCoLC)1241593914
035 ## - Systemowy numer kontrolny
systemowy numer kontrolny (NUKAT)xx005000857
040 ## - Instytucja sporządzająca opis
Instytucja, która sporządziła opis GD U/MJ
język katalgowania-trzyzn. kod pol
zasady opisu rda
Instytucja, która sporządziła rekord GD U/MJs
Instytucja, która zmodyfikowała rekord WR O/JG
-- WA U/WM
-- WA 14/ABs
-- OLSZT 008/bak
045 2# - Okres czasu dla zawartości
czas między r. 9999 pne a nasz. czas. d1945
-- d1949
046 ## - Kod rodz. daty, data1, data2 (daty pne)
Begin/single date 2020
100 1# - Hasło główne-nazwa osobowa
Nazwa osobowa Sywula, Michał.
rodzaj współpracy Autor
9 (RLIN) 41006
245 10 - Tytuł właściwy i oznaczenie odpow.
tytuł Milicja Obywatelska w województwie gdańskim 1945-1949 /
dod. inf. ze s. tyt./ozn. odpow. Michał Sywula ; Instytut Pamięci Narodowej. Komisja Ścigania Zbrodni przeciwko Narodowi Polskiemu. Oddział w Gdańsku.
260 ## - Adres wydawniczy
miejsce wydania, dystrybucji itp. Gdańsk ;
-- Warszawa :
nazwa wydawcy, dystrybutora itp. Instytut Pamięci Narodowej. Komisja Ścigania Zbrodni przeciwko Narodowi Polskiemu,
data wydania, dystrybucji itp. 2020.
300 ## - Opis fizyczny
objętość i/lub forma materiału 364, [4] strony, 16 stron tablic :
inne szczegóły opisu fizycznego ilustracje ;
format 25 cm.
336 ## - Content Type
Term Tekst
Code txt
Source rdacontent
337 ## - Media Type
Term Bez urządzenia pośredniczącego
Code n
Source rdamedia
338 ## - Carrier Type
Term Wolumin
Code nc
Source rdacarrier
380 ## - Form of work
Form of work Książki
380 ## - Form of work
Form of work Publikacje naukowe
388 1# - TIME PERIOD OF CREATION
Time period of creation term 2001-
490 1# - Tytuł serii i ks. wielotom.-nie do wysz.
oznaczenie serii Publikacje Gdańskiego Oddziału IPN. Seria Gdańsk ;
numer woluminu t. 77
504 ## - Uwaga o bibliografii
uwaga o bibliografii Bibliografia na stronach 343-357. Indeks.
610 27 - Hasło przedmiotowe-nazwa ciała zbior.
nazwa ciała zbior. lub geogr. Milicja Obywatelska (MO)
źródło hasła DBN
9 (RLIN) 40032
610 17 - Hasło przedmiotowe-nazwa ciała zbior.
nazwa ciała zbior. lub geogr. Polska.
nazwa jednostki podrzędnej Milicja Obywatelska
określnik chronologiczny 1945-1970.
źródło hasła kaba
9 (RLIN) 41007
648 #7 - SUBJECT ADDED ENTRY--CHRONOLOGICAL TERM
Chronological term 1901-2000
Source of heading or term DBN
9 (RLIN) 34996
648 #7 - SUBJECT ADDED ENTRY--CHRONOLOGICAL TERM
Chronological term 1945-1989
Source of heading or term DBN
9 (RLIN) 36043
650 #7 - Hasło przedmiotowe-nazwa pospolita
nazwa pospolita lub geogr. Bezpieczeństwo publiczne
źródło hasła DBN
9 (RLIN) 37507
650 #7 - Hasło przedmiotowe-nazwa pospolita
nazwa pospolita lub geogr. Policja
określnik geograficzny Polska
-- Gdańsk
określnik chronologiczny 1945-1970.
źródło hasła kaba
9 (RLIN) 41008
651 #7 - Hasło przedmiotowe-nazwa geogr.
nazwa geograficzna Województwo gdańskie (1945-1975)
źródło hasła DBN
9 (RLIN) 41009
655 #7 - Termin określający rodzaj/formę
rodzaj/forma Monografia
źródło terminu DBN
9 (RLIN) 35240
658 ## - Nazwa określająca cel programu nauczania
główny cel programu nauczania Bezpieczeństwo i wojskowość
658 ## - Nazwa określająca cel programu nauczania
główny cel programu nauczania Historia
710 2# - Hasło dodatkowe - nazwa ciała zbior.
nazwa ciała zbior. lub nazwa geogr. Instytut Pamięci Narodowej - Komisja Ścigania Zbrodni przeciwko Narodowi Polskiemu.
nazwa jednostki podrzędnej Oddział (Gdańsk).
rodzaj współpracy Instytucja sprawcza
9 (RLIN) 14049
710 2# - Hasło dodatkowe - nazwa ciała zbior.
nazwa ciała zbior. lub nazwa geogr. Instytut Pamięci Narodowej - Komisja Ścigania Zbrodni przeciwko Narodowi Polskiemu.
rodzaj współpracy Wydawca
kod rodzaju współpracy pbl
9 (RLIN) 11792
830 #0 - Hasło dod. serii i op. ks. wielotom. -tyt
tytuł Publikacje Gdańskiego Oddziału IPN
oznaczenie tomu t. 77
9 (RLIN) 14050
920 ## - ISBN
ISBN 978-83-8098-222-2 (oprawa twarda) : zł 40,00
942 ## - ADDED ENTRY ELEMENTS (KOHA)
Source of classification or shelving scheme Dewey Decimal Classification
Koha item type pozycje dostępne na miejscu
Egzemplarze
Status wycofania Status zagubienia Klasyfikacja Status uszkodzenia Blokada wypożyczeń Kolekcja Lokalizacja macierzysta Lokalizacja bieżąca Data nabycia Numer akcesji Źródło akcesji Cena Nr inwentarzowy il. wypożyczeń Sygnatura Kod kreskowy Date last seen Price effective from Typ egz.
    Dewey Decimal Classification nieuszkodzona   książka w magazynie Biblioteka Instytutu Północnego w Olsztynie Biblioteka Instytutu Północnego w Olsztynie 30/11/2020 D-36/2020 dar 40.00 59988   59988 IPWK24092 30/04/2026 30/04/2026 pozycje dostępne na miejscu
Biblioteka Instytutu Północnego, ul. Partyzantów 87, 10-402 Olsztyn, email: biblioteka(at)ip.olsztyn.pl